[Event "33rd Asia-ch U20"]
[Site "Colombo SRI"]
[Date "2011.06.02"]
[Round "1.7"]
[White "Kuruwitage, Yasas Kalana"]
[Black "Seneviratne, Shehan Kanishka"]
[Result "1/2-1/2"]
[WhiteElo "1923"]
[BlackElo "1664"]
[EventDate "2011.06.02"]
[PlyCount "81"]

1.e4 d5 2.exd5 Qxd5 3.Nc3 Qa5 4.Nf3 Nf6 5.d4 c6 6.Bc4 e6 7.Bd2 Qc7 8.Qe2 
Bd6 9.d5 cxd5 10.Bxd5 Nxd5 11.Nxd5 Qc6 12.Nc3 Qb6 13.O-O-O Na6 14.Ne4 Be7 
15.Bf4 O-O 16.Bd6 Bxd6 17.Rxd6 Qc7 18.Rhd1 Nb4 19.Nc3 Nd5 20.Nxd5 exd5 21.
R6xd5 Be6 22.R5d4 Bxa2 23.Qd3 Qa5 24.b3 Qa3+ 25.Kd2 Rfe8 26.Ra4 Qb2 27.Qc3
Re2+ 28.Kd3 Qxc3+ 29.Kxc3 Rc8+ 30.Rc4 Rxc4+ 31.bxc4 g6 32.Ra1 Bxc4 33.Kxc4
Rxc2+ 34.Kb3 Rxf2 35.Ne1 a6 36.Rb1 b5 37.Ra1 Rf6 38.Nf3 Rc6 39.Ne5 Re6 40.
Re1 f6 41.Nf3 1/2-1/2

[Event "33rd Asia-ch U20"]
[Site "Colombo SRI"]
[Date "2011.06.04"]
[Round "3.5"]
[White "Omarnoaman"]
[Black "Seneviratne, Shehan Kanishka"]
[Result "1-0"]
[WhiteElo "2253"]
[BlackElo "1664"]
[EventDate "2011.06.02"]
[PlyCount "64"]

1.d4 Nf6 2.c4 g6 3.Nc3 Bg7 4.e4 d6 5.h3 O-O 6.Nf3 c5 7.d5 Nbd7 8.Bg5 h6 9.
Be3 Rb8 10.Qd2 Kh7 11.Bd3 a6 12.a4 Qc7 13.O-O Ne5 14.Nxe5 dxe5 15.f4 Ng8 
16.f5 g5 17.Qf2 b6 18.a5 Bd7 19.axb6 Qxb6 20.Bxc5 Qxb2 21.Qxb2 Rxb2 22.
Rfb1 Rfb8 23.Ba3 Rxb1+ 24.Rxb1 Rxb1+ 25.Bxb1 e6 26.fxe6 fxe6 27.Bc2 Bf6 
28.d6 Bd8 29.Ba4 Bxa4 30.Nxa4 Kg6 31.c5 Kf7 32.c6 Ke8 1-0

[Event "33rd Asia-ch U20"]
[Site "Colombo SRI"]
[Date "2011.06.07"]
[Round "8.1"]
[White "Shyam Sundar, M."]
[Black "Rajapakse, R M C M"]
[Result "1-0"]
[WhiteElo "2457"]
[BlackElo "2175"]
[EventDate "2011.06.02"]
[PlyCount "76"]

1.e4 c5 2.Nf3 d6 3.d4 cxd4 4.Nxd4 Nf6 5.Nc3 a6 6.Be3 e5 7.Nb3 Be6 8.Qd2 
Nbd7 9.O-O-O Be7 10.f3 b5 11.g4 b4 12.Ne2 d5 13.g5 d4 14.Nexd4 exd4 15.
Nxd4 Nh5 16.Nc6 Qc7 17.Nxe7 b3 18.axb3 Kxe7 19.Qb4+ Ke8 20.Kb1 h6 21.gxh6 
gxh6 22.Rd2 Rg8 23.Bxh6 a5 24.Qa4 Qc5 25.Bb5 Ra7 26.Rhd1 Nf6 27.h4 Rg1 28.
Rxg1 Qxg1+ 29.Ka2 Qc5 30.Bg5 Kf8 31.Bf4 Kg7 32.Bd6 Qe3 33.Qd4 Qxd4 34.Rxd4
Rb7 35.c4 Nb8 36.Ka3 Bd7 37.Bxb8 Bxb5 38.Be5 Rd7 1-0